Loading...
| History - American | 0 | 3 | 0 | 2 | 30 | 81 | 90.00 | 0 | 0 | 2.65 | 10.42 |
| Religion | 0 | 3 | 0 | 1 | 30 | 57 | 89.00 | 0 | 0 | 4.25 | 9.38 |
| Geography | 0 | 1 | 0 | 1 | 10 | 114 | 114.00 | 0 | 0 | 0.56 | 8.33 |
| Literature - British | 0 | 1 | 0 | 0 | 10 | 123 | 123.00 | 0 | 0 | 0.07 | 3.13 |
| Pop Culture | 0 | 1 | 0 | 0 | 10 | 33 | 33.00 | 0 | 1 | 14.36 | 17.50 |
| History - Other | 0 | 1 | 0 | 1 | 10 | 104 | 104.00 | 0 | 0 | 0.08 | 1.04 |
| History - World | 0 | 1 | 0 | 1 | 10 | 111 | 111.00 | 0 | 0 | 0.07 | 1.04 |
| Current Events | 0 | 1 | 1 | 0 | 5 | 36 | 36.00 | 0 | 1 | 9.61 | 8.93 |
| Literature - American | 0 | 0 | 0 | 0 | 0 | 0.00 | 0 | 0 | 0.00 | 0.00 | |
| Philosophy | 0 | 0 | 0 | 0 | 0 | 0.00 | 0 | 0 | 0.00 | 0.00 | |
| Science - Other | 0 | 0 | 0 | 0 | 0 | 0.00 | 0 | 0 | 0.00 | 0.00 | |
| History - European | 0 | 0 | 1 | 0 | -5 | 0.00 | 0 | 0 | 0.00 | 0.00 | |
| Fine Arts - Other | 0 | 0 | 1 | 0 | -5 | 0.00 | 0 | 0 | 0.00 | 0.00 |